000 00726nam a2200289Ia 4500
005 20260324134046.0
008 008 260324s9999 xx 000 0 eng d
020 _a9780429137815
037 _aEBOOK
040 _aCRL
040 _beng
040 _cCRL
041 _2eng
041 _aeng
084 _qCRL
100 _aHerman Koren; Michael S. Bisesi
_91195416
245 0 _aHandbook of Environmental Health, Volume II
245 0 _bPollutant Interactions in Air, Water, and Soil
260 _bTaylor and Francis
260 _c2002
365 _a
365 _b560
856 _uhttp://www.taylorfrancis.com/books/9780429137815
942 _cEBOOK
999 _c1795082
_d1795082